000 00296nam a22001337a 4500
008 210301b ||||| |||| 00| 0 eng d
020 _a9781259819254
041 _aeng
080 _23th
_a159.9
100 _a48
101 _aPSI
245 _aExperience Psychology
_cKing,A.L
942 _2udc
_cBK
999 _c55309
_d55309